Communes ayant donné leur nom à un fromage - Carte Quiz - Statistiques

Statistiques générales
  • Ce quiz a été pris 711 fois
  • Le résultat moyen est 10 sur 23
Réponses sur la Carte
Les réponses sont colorées sur une échelle allant du rouge au vert en fonction du pourcentage des utilisateurs qui les ont devinées à leur premier essai. Vous pouvez retrouver ces pourcentages ci-dessous.
 
Statistiques - réponses
Réponse % Correct
Maroilles
73%
Munster
70%
Camembert
65%
Coulommiers
53%
Rocamadour
53%
Sainte-Maure-de-Touraine
53%
Beaufort
51%
Selles-sur-Cher
47%
Gex
46%
Abondance
44%
Langres
44%
Saint-Nectaire
40%
Pont-l'Évêque
39%
Morbier
35%
Roquefort-sur-Soulzon
35%
Ambert
32%
Époisses
31%
Salers
31%
Saint-Marcellin
30%
Neufchâtel-en-Bray
29%
Chaource
28%
Laguiole
28%
Banon
26%
Aucun quiz correspondant
Distribution des résultats
% des personnes avec chaque résultat
Percentile par nombre de réponses
Votre historique - résultats
Vous n’avez pas pris ce quiz